000 01824nam a2200253 4500
003 co-ctgcurn
005 20250329165503.0
007 ta
008 190415s2021 000 0 eng d
040 _aCO-CtgCURN
_bspa
_ccoctgcurn
082 0 _aODO 2021
_bM685
100 1 _aMizger Castillo, Alvaro Javier.
245 1 0 _aPrevalencia y factores de riesgo asociados a lesiones dentarias no cariosas en estudiantes odontologia /
_cAlvaro Javier Mizger Castillo; Investigadores Jennifer Orozco Paez; Yuri Ballesteros.
260 1 _aCartagena de Indias : :
_bCorporación Universitaria Rafael Nuñez,,
_c2021.
300 _a65 hojas.
504 _aTrabajo de grado (Odontologo).Corporación Universitaria Rafael Núñez. Facultad de Ciencias de Salud. Programa de Odontología, 2021.
520 _a"Las lesiones dentarias no cariosas son el resultado de la pérdida patológica de tejido dentario que no es mediada por mecanismos bacterianos, sino que se asocian a procesos como desgaste friccional (atrición y abrasión), a disolución dental (erosión) y a las constantes fuerzas físicas ejercidas durante la masticación (Abfracción). Sin embargo, aun sabiendo la complejidad y frecuencia de este tipo de lesiones, no se toman las medidas adecuadas para prevenirlas, lo que hace que sean muy comunes incluso en estudiantes de odontología."
650 1 4 _aOdontología
_vTesis y disertaciones academicas.
700 1 _aOrozco Páez, Jennifer,
_einvestigadora principal.
700 1 _aBallesteros, Yuri,
_einvestigadora principal.
856 _uhttps://unicurn.sharepoint.com/:b:/s/biblioteca/EWxBLI4-F-5Ok3Wc6SND4ZwBgrZ09LQkLmoMTFkl8fKmBw?e=5jqygb
_zClick aqui para ver el recurso en texto completo
942 _2ddc
_cTG
_hODO 2021
_iM685
999 _c5617
_d5617